| 000 | 00376nam a2200145Ia 4500 | ||
|---|---|---|---|
| 005 | 20250320091513.0 | ||
| 008 | 231217s9999 xx 000 0 und d | ||
| 020 | _a9788174467164 | ||
| 082 | _a001.6424EXC SAH;2 R1 | ||
| 100 | _aSah, Ash Narayan. | ||
| 245 | 0 | _aData Analysis using microsoft excel | |
| 260 |
_c2009 _bExcel books _aNewdelhi |
||
| 300 | _a198 | ||
| 942 | _cAA | ||
| 999 |
_c183773 _d183773 |
||